Mobil'naja operacionnaja sistema MOS ES

Salvato in:
Dettagli Bibliografici
Autore principale: Orlov, Vladimir Nikolajevič
Altri autori: Blažnov, Valerij Jur'jevič, Barvin, Oleg Anatol'jevič
Natura: Libro
Lingua:russo
Pubblicazione: Moskva Finansy i statistika 1990
Edizione:1. izd.
Tags: Aggiungi Tag
Nessun Tag, puoi essere il primo ad aggiungerne!!

MARC

LEADER 00000nam a2200000 4500
001 c034005
005 20221215135608.2
041 0 |a rus 
044 |a RU 
245 1 0 |a Mobil'naja operacionnaja sistema MOS ES  |c Vladimir Nikolajevič Orlov, Valerij Jur'jevič Blažnov, Oleg Anatol'jevič Barvin 
250 |a 1. izd. 
264 1 |a Moskva  |b Finansy i statistika  |c 1990 
300 |a 207 s. 
100 1 |a Orlov, Vladimir Nikolajevič 
700 1 |a Blažnov, Valerij Jur'jevič 
700 1 |a Barvin, Oleg Anatol'jevič